| 000 | 00845nas a2200277 4500 | ||
|---|---|---|---|
| 001 | BR2010001911 | ||
| 003 | BR-BrBNA | ||
| 005 | 20231205114013.0 | ||
| 007 | ta | ||
| 008 | 230509b bl.|||p| |||| 00| 00por d | ||
| 040 |
_aBR-BrBNA _bpor _cBiblioteca Nacional de Agricultura |
||
| 041 | _a(Pt) | ||
| 072 | _aF01 | ||
| 100 | 1 | _aMaia, E. | |
| 100 | 1 | _aSiqueira, D.L. de | |
| 100 | 1 | _aCecon, P.R. | |
| 245 | 1 | _aProdução, florescimento e frutificação de tangerineira Poncã submetidas à aplicação de ácido giberélico | |
| 650 | _aTANGERINA | ||
| 650 | _aVARIEDADE | ||
| 650 | _aÁCIDO GIBERÉLICO | ||
| 650 | _aFLORAÇÃO | ||
| 650 | _aFRUTIFICAÇÃO | ||
| 773 | 0 |
_tCiência Rural (Brazil) _xISSN 0103-8478 _g(Mar 2010), v. 40(3) p. 507-512 _wBR2010001911 |
|
| 909 |
_a202311 _bLúcia _c55 _dLúcia Elande |
||
| 942 |
_2AGRIS _n0 _cANA |
||
| 999 |
_c206670 _d206670 |
||